000 01468nmc a2200373 a 4500
003 AR-BaBNM
005 20251128204039.0
008 136019s1971 ||||||||||||||000 | spa||
040 _cAR-BaBNM
245 1 0 _aTeoría y práctica del planeamiento integral de la educación
250 _a1ª ed.
260 _aBuenos Aires
_bCentro Regional de Ayuda Técnica. Agencia para el Desarrollo Internacional
_bEstrada
_c1971
300 0 _a281 p.
490 0 _aBiblioteca de Ciencias de la Educación
500 1 _aEsta edición ha sido preparada conjuntamente por Editorial Pax-México, y el Centro Regional de Ayuda Técnica, Agencia para el Desarrollo Internacional, Departamento de Estado del Gobierno de los Estados Unidos de América. El Centro es una organización ded
500 0 _aThe World Year Book of Education 1967
504 _aContiene bibliografía al final de cada capítulo
650 4 _aPLANES EDUCACIONALES
650 4 _aPLANIFICACION DE LA EDUCACION
650 4 _aPLANIFICACION DE RECURSOS HUMANOS
700 1 _aOlivera, Julio H.G.
700 1 _aAnderson, C. Arnold
700 1 _aBowman, Mary Jean
700 1 _aMiner, Jerry
700 1 _aCoombs, Philip Hall
700 1 _aChesswas, John Douglas
700 1 _aDeWitt, Nicholas
700 1 _aBenveniste, Guy
700 1 _aLauwerys, Joseph A.
_ecompilador
700 1 _aSoto, Antonio H.
_etraductor
800 1 _aZanotti, Luis Jorge
_edirector
942 _cBK
998 _csilvi
999 _c5951
_d5951